Diccionario de primeros auxilios médico-veterinarios / (Record no. 28693)

MARC details
000 -LEADER
campo de control de longitud fija 01166nam a2200241 i 4500
001 - NÚMERO DE CONTROL
campo de control 28693
003 - IDENTIFICADOR DE NÚMERO DE CONTROL
campo de control ES-MaACL
005 - FECHA Y HORA DE LA ÚLTIMA TRANSACCIÓN
campo de control 20250404194255.0
007 - CAMPO FIJO DE DESCRIPCIÓN FÍSICA--INFORMACIÓN GENERAL
campo de control de longitud fija t|
008 - DATOS DE LONGITUD FIJA--INFORMACIÓN GENERAL
campo de control de longitud fija 030120s1950 ag ||||1| spa d
100 1# - ENTRADA PRINCIPAL--NOMBRE DE PERSONA
Nombre de persona Baker, E. T.
9 (RLIN) 24772
245 10 - MENCIÓN DEL TÍTULO
Título Diccionario de primeros auxilios médico-veterinarios /
Mención de responsabilidad, etc. E. T. Baker ; [traducción de Carlos J. Tèaubler y Hans G. Gravenhorst].
260 ## - PUBLICACIÓN, DISTRIBUCIÓN, ETC.
Lugar de publicación, distribución, etc. Buenos Aires :
Nombre del editor, distribuidor, etc. Librería del Colegio,
Fecha de publicación, distribución, etc. 1950 (
Fabricante Impresora Argentina)
300 ## - DESCRIPCIÓN FÍSICA
Extensión 234 p., 8 lám. :
Otras características físicas 2 gráf. pleg. ;
Dimensiones 22 cm.
650 #7 - PUNTO DE ACCESO ADICIONAL DE MATERIA--TÉRMINO DE MATERIA
9 (RLIN) 174185
Término de materia o nombre geográfico como elemento de entrada Veterinaria-
Subdivisión de forma Diccionarios
700 1# - ENTRADA AGREGADA--NOMBRE PERSONAL
Nombre de persona Tèaubler, Carlos J.
9 (RLIN) 133428
700 1# - ENTRADA AGREGADA--NOMBRE PERSONAL
Nombre de persona Gravenhorst, Hans G.
9 (RLIN) 59776
852 ## - LOCALIZACIÓN
Ubicación ES-MaACL
Número de control de estantería D-6564
Sublocalización o colección R.31440
-- R.M.6155
itemnumber 29786
Ubicación en estantería Sala Valle Inclán
Marcas de propiedad Sello en tinta azul de la Biblioteca del Ateneo de Madrid.
-- Sello en tinta azul en hoja de guarda posterior de la Librería Nicolas Moya.
Encuadernación Encuadernación en tela marrón con título en la cubierta en dorado.
942 ## - ELEMENTOS DE ENTRADA SECUNDARIOS (KOHA)
Fuente del sistema de clasificación o colocación Clasificación decimal universal
Tipo de ítem Koha Libro impreso
Holdings
Estatus retirado Estado de pérdida Estado de daño No para préstamo Colección Biblioteca de origen Biblioteca actual Ubicación en estantería Fecha de adquisición Fuente de adquisición Total de préstamos Signatura topográfica completa Código de barras Visto por última vez Precio de reemplazo Tipo de ítem Koha
        Colección de referencia Biblioteca del Ateneo de Madrid Biblioteca del Ateneo de Madrid Sala Valle Inclán 17/01/2008     D-6564 901029624 23/02/2023 23/02/2023 Libro impreso